Lenguaje y comunicación

Guardado en:
Detalles Bibliográficos
Autor principal: Miller, George Armitage (autor)
Formato: Libro
Lenguaje:español
Publicado: Buenos Aires Amorrortu 1974
Materias:
Etiquetas: Agregar Etiqueta
Sin Etiquetas, Sea el primero en etiquetar este registro!

MARC

LEADER 00000nam a2200000 a 4500
001 UCX7961
003 CL-VaPUC
008 940114e19740000AG |||||||||||||||||spa|d
082 0 4 |a 410  |b MIL  |2 21 
100 |a Miller, George Armitage  |e autor  |9 549958 
245 1 0 |a Lenguaje y comunicación 
300 |a 332 p 
942 |c BK 
945 |d 19940114 00:00:00  |a rbrito 
260 |a Buenos Aires  |b Amorrortu  |c 1974 
650 0 |a Lingüística  |9 265068 
650 0 |a Lenguaje y lenguas  |9 265846 
583 |a last modification  |c 19940114 00:00:00  |k Rodrigo Vera 
999 |c 227616  |d 227614 
952 |0 0  |1 0  |4 0  |6 410_000000000000000_MIL_1974  |7 0  |8 A  |9 226737  |a BIBEDU  |b BIBEDU  |d 2019-11-15  |i 2959399  |o 410 MIL 1974  |p 2959399  |r 2019-11-15  |w 2019-11-15  |y BK  |k LIT